00926nam a2200145 a 450000500170000000800410001702000160005805000180007410000250009224500830011726000190020052004340021999900190065395201080067220140414132059.0100624s19uu xx 00 eng d a0-590-13924 aFICbW83 1994 aWojciechowski, Susan aDon't call me beanhead!. /cSusan Wojciechowski; illustrated by Susanna Natti. aCambridge, MA. aMeet Bernice Lorraine Sherwin-Hendricks, a world-class worrywart who has a lot to worry about. Will the tooth fairy come even though her tooth went down the drain? Will Beany's favorite sweater be given to her cousin? How will Beany find the money to buy those Glamour Nails she really needs? And what will happen to that ant that just crawled into the classroom pencil sharpener? Find out in these funny stories all about Beany. c114416d114416 001040aMUbMUcFICd2010-06-24eBkRewardl0oFIC W83 1994pM6234r2014-04-14 00:00:00w2014-04-14yBK